000 00344nam a22001457a 4500
003 OSt
005 20160727222341.0
008 160620b xxu||||| |||| 00| 0 eng d
040 _cTEST
100 _993
_aBrimax
245 _aTeddy and the Mice
_bTeddy and the Mice
260 _aEng
_bBrimax.
_c1995
300 _aTeddy and the Mice
942 _2ddc
_cBK
999 _c73
_d73